000 00214nam a2200085Ia 4500
008 170617s9999 xx 000 0 und d
100 _aBruitis-Casl
245 0 _aTietz fundamentals of Clinical Chemistry
260 _bElesvir Pub
260 _c2008
999 _c15360
_d15360